000 00874nam a2200265 i 4500
001 13201
003 BD-RjUL
005 20211208235423.0
008 140130r19781926ii abf b 001 0 eng
035 _a(BD-RjUL)13252
040 _aDLC
_cDLC
_dDLC
_dBD-RjUL
_beng
041 _aeng
082 0 0 _a584.50954
_bBLP 1978
100 1 _aBlatter, Ethelbert.
_d1877-1934.
_941114
245 1 4 _aThe palms of British India and Ceylon /
_cby Ethel Berl Blatter.
260 _aDelhi :
_bPeriodical Experts Book Agency,
_c1978.
300 _axxviii, 600 p., [1] :
_bill. ;
_c25 cm.
500 _aReprint of the 1926 ed. published by Oxford University Press, London.
504 _aIncludes bibliographical references and index.
650 0 _aPalms
_zIndia.
_941115
650 0 _aPalms
_zSri Lanka.
_941116
942 _2ddc
_cBK
999 _c13201
_d13201